|
|
|
|
| LEADER |
00000nam0a2200000 4500 |
| 001 |
361188 |
| 005 |
20231206154332.0 |
| 035 |
|
|
|a (RuTPU)RU\TPU\retro\18514
|
| 090 |
|
|
|a 361188
|
| 100 |
|
|
|a 20210528d1896 m y0gery50 ba
|
| 101 |
0 |
|
|a ger
|
| 102 |
|
|
|a NL
|a DE
|
| 105 |
|
|
|a a z 001zy
|
| 181 |
|
|
|b e
|
| 182 |
|
|
|a n
|
| 183 |
|
|
|a nc
|2 RDAcarrier
|
| 200 |
1 |
|
|a Studien zur chemischen Dynamik
|e nach J. H. van 't Hoff's Etudes de dynamique chimique
|e 49 figuren im text
|f bearbeitet von Dr. Ernst Cohen
|g mit einem Vorwort von Prof. Dr. J. H. van't Hoff
|
| 210 |
|
|
|a Amsterdam
|c Frederik Muller & Co
|a Leipzig
|c Wilhelm Engelmann
|d 1896
|
| 215 |
|
|
|a VI, 282, [8] S.
|c il.
|
| 283 |
|
|
|a volume
|
| 300 |
|
|
|a В описании используется грамматика 19 века
|
| 300 |
|
|
|a Раздельная пагинация страниц
|
| 316 |
|
|
|5 63413507: 17127
|a Пометы в тексте
|
| 316 |
|
|
|5 63413507: 17127
|a На титульном листе надпись: "По счету К. П. Гринаковского 28 VI 1921 г."
|
| 317 |
|
|
|5 63413507: 17127
|a Поступил в НТБ в 1921 г. по счету К. П. Гринаковского
|
| 320 |
|
|
|a Autoren Register: s. [283-285]
|
| 320 |
|
|
|a Sachregister: s. [287-290]
|
| 513 |
1 |
|
|a Studien zur chemischen Dynamik
|z ger
|
| 516 |
1 |
|
|a Studien zur chemischen Dynamik
|z ger
|
| 541 |
1 |
|
|a Исследования по химической динамике
|z ger
|
| 606 |
1 |
|
|a Химическая кинетика
|9 84004
|
| 606 |
1 |
|
|a Термодинамика химическая
|9 84689
|
| 610 |
1 |
|
|a Коллекция К. П. Гринаковского
|
| 610 |
1 |
|
|a химическая динамика
|
| 610 |
1 |
|
|a химические реакции
|
| 610 |
1 |
|
|a растворы
|
| 610 |
1 |
|
|a газы
|
| 610 |
1 |
|
|a температура
|
| 610 |
1 |
|
|a константа скорости
|
| 610 |
1 |
|
|a химическое равновесие
|
| 610 |
1 |
|
|a химическая связь
|
| 610 |
1 |
|
|a немецкий язык
|
| 675 |
|
|
|a 544.42
|v 4
|z rus
|
| 675 |
|
|
|a 544.3
|v 4
|z rus
|
| 702 |
|
1 |
|a Cohen
|b E.
|g Ernst
|4 340
|
| 702 |
|
1 |
|a van't Hoff
|b J. H.
|g Jacobus Henricus
|4 080
|
| 801 |
|
1 |
|a RU
|b 63413507
|c 20210528
|
| 801 |
|
2 |
|a RU
|b 63413507
|c 20210601
|g RCR
|
| 942 |
|
|
|c BK
|